| 000 | 00835cam a22002771 4500 | ||
|---|---|---|---|
| 001 | 6407 | ||
| 003 | BD-RjUL | ||
| 005 | 20211208234234.0 | ||
| 008 | 160823s1965 nyua j 000 0 eng | ||
| 035 | _a(BD-RjUL)6447 | ||
| 035 | _a(OCoLC)7426566 | ||
| 040 |
_aDLC _cSc _dPPiU _dDLC _beng |
||
| 041 | _aeng | ||
| 082 |
_a398.2 _bJOW 1965 |
||
| 100 | 1 |
_aJones, Gwyn _d1907- _919221 |
|
| 245 | 1 | 0 |
_aWelsh legends and folk-tales / _cIllustrated by Joan Kiddell-Monroe. |
| 260 |
_aNew York : _bH.Z. Walck, _c1965 |
||
| 300 |
_a230 p. : _billus. (part. col.) ; _c21 cm. |
||
| 490 | 1 | _aMyths and legends series | |
| 650 | 0 |
_aFolk literature _920173 |
|
| 650 | 0 |
_aTales _vWales. _9156506 |
|
| 700 | 2 |
_aKiddell-Monroe, Joan, _eill. _919227 |
|
| 830 | 0 |
_aMyths and legends (New York, N.Y.) _9133232 |
|
| 942 |
_2ddc _cBK |
||
| 999 |
_c6407 _d6407 |
||